书目信息 |
| 题名: |
侯宝林相声精选
|
|
| 作者: | 侯宝林 著 | |
| 分册: | ||
| 出版信息: | 哈尔滨 北方文艺出版社 1994 |
|
| 页数: | 212页 | |
| 开本: | 20cm | |
| 丛书名: | ||
| 单 册: | ||
| 中图分类: | I239.7 | |
| 科图分类: | ||
| 主题词: | 相声--中国--现代--选集 | |
| 电子资源: | ||
| ISBN: | 7-5317-0851-5 | |
| 000 | 00900nam0 2200265 450 | |
| 001 | 0100455176 | |
| 005 | 20100906104245.0 | |
| 010 | @a7-5317-0851-5@dCNY9.90 | |
| 010 | @a7-5317-0851-5@b精装@dCNY19.80 | |
| 011 | @a7-5317-0851-5 | |
| 100 | @a20021005d1994 em y0chiy0110 ea | |
| 101 | 0 | @achi |
| 102 | @aCN@b230000 | |
| 105 | @af z 000dy | |
| 106 | @ar | |
| 200 | 1 | @a侯宝林相声精选@9Hou Bao Lin Xiang Sheng Jing Xuan @f侯宝林著@b专著 |
| 210 | @a哈尔滨@c北方文艺出版社@d1994 | |
| 215 | @a212页@c照片@d20cm | |
| 304 | @a侯宝林(1917-1993),相声艺术大师、语言大师,全国人大代表等 | |
| 330 | @a本书收有《婚姻与迷信》、《卖布头儿》、《关公战秦琼》等20个相声段子,并附有侯宝林亲友等的回忆文章。 | |
| 606 | 0 | @a相声@y中国@z现代@x选集 |
| 690 | @aI239.7@v3 | |
| 701 | 0 | @c(满)@a侯宝林@f(1917.11~1993)@9hou bao lin@4著 |
| 801 | 0 | @aCN@bAiZhiMarc@c19940507 |
| 905 | @aBZT@dI239.7@e3@f3@sI239.7/3 | |
| 侯宝林相声精选/侯宝林著.-哈尔滨:北方文艺出版社,1994 |
| 212页:照片;20cm |
| ISBN 7-5317-0851-5:CNY9.90 |
| 本书收有《婚姻与迷信》、《卖布头儿》、《关公战秦琼》等20个相声段子,并附有侯宝林亲友等的回忆文章。 |
| ● |
| 相关链接 |
|
|
|
正题名:侯宝林相声精选
索取号:I239.7/3
 
预约/预借
| 序号 | 登录号 | 条形码 | 馆藏地/架位号 | 状态 | 备注 |
| 1 | 2000103262 | 2000103262 | 旧书回溯/ [索取号:I239.7/3] | 在馆 | |
| 2 | 2000103263 | 2000103263 | 旧书回溯/ [索取号:I239.7/3] | 在馆 | |
| 3 | 2000103264 | 2000103264 | 旧书回溯/ [索取号:I239.7/3] | 在馆 |